[Event "Moscow Aeroflot op"]
[Site "Moscow"]
[Date "2002.02.08"]
[Round "6"]
[White "Shariyazdanov, Andrey"]
[Black "Akopian, Vladimir Eduardovic"]
[Result "0-1"]
[WhiteElo "2532"]
[BlackElo "2680"]
[Annotator "Golod,V"]
[PlyCount "70"]
[EventDate "2002.02.04"]
[EventType "swiss"]
[EventRounds "9"]
[EventCountry "RUS"]
[SourceTitle "CBM 088"]
[Source "ChessBase"]
[SourceDate "2002.03.21"]
[SourceVersion "1"]
[SourceVersionDate "2002.03.21"]
[SourceQuality "1"]

1. d4 Nf6 2. c4 e6 3. Nc3 Bb4 4. Qc2 c5 5. dxc5 Na6 {The statistics of last
games of this variant shows, that black it is necessary to stop the choice on
other continuations:5...0-0 or 5...Bxc5.} 6. a3 Bxc3+ 7. Qxc3 Nxc5 8. b4 Nce4
9. Qc2 {Besides,white has two options:} (9. Qd4 $5 {See comments to Ionov,
S-Aseev,K/St.Petersburg,1997/CBM 58(0-1)(Ftacnik)(27)}) ({and} 9. Qb2 $5 {
See comments to Soffer,R-Tsesarsky,I/PetahTikva,1998/CBM 63(1-0)(Tsesarsky)(50)
}) 9... d5 {Comments from 9...d5 to 12.e3 of this game,you can find in
annotations to game: DaoThien Hai- Antonio,R/Yangon,1998/CBM 69(Golod,V)(0-1)
(28)} 10. f3 Nd6 11. c5 Nf5 12. e3 e5 $5 ({Were checked in the preceding games:
} 12... O-O $6 13. Bd3 (13. g4 $5 Nh4 14. Bb2 Re8 15. Qf2 Nd7 16. Ne2 a5 17. g5
$36 {Leyva,H-Ponce,H/Holguin,1992(1-0)(37)}) 13... Ne7 $5 (13... Qc7 $143 14.
Bxf5 exf5 15. Ne2 Re8 16. O-O $14 {Morales,J-Perera,P/Las Palmas,1989(1-0)(41)}
) (13... Nd7 14. Bxf5 exf5 15. Ne2 a5 16. Rb1 axb4 17. axb4 Ne5 18. O-O $14 {
Nikolaev,V-Barbitskij,A/St.Petersburg,1998(1-0)(35)}) 14. Bb2 Ng6 15. Ne2 Re8
16. O-O e5 17. Rad1 $14 {Varga,P-Szabo,Z/Budapest,1997(1/2-1/2)(21)}) ({and} 
12... Nd7 $5 {[%cal Gd8h4,Ga7a5] You can see comments to games:DaoThien Hai-
Antonio,R/Yangon,1998/CBM 69(Golod,V)(0-1)(28) and Sjoberg,M-Brynell,S/
Stockholm,1999/CBM 73(1/2-1/2)(Golod,V)(46)}) 13. Bb5+ Kf8 (13... Bd7 $4 {
is refuted by:} 14. Qxf5 Bxb5 15. Qxe5+) 14. Ne2 h5 $5 $146 (14... a5 15. Rb1
axb4 16. axb4 h5 17. O-O h4 18. Rd1 Qc7 19. e4 $14 {Budovic,E-Kosikov,A/Beltsy,
1979(1/2-1/2)(32)}) (14... e4 $6 {See comments to Ivanov,S-Aseev,K/St.
Petersburg,1996/CBM 56(1-0)(Kanstler,B)(27)}) (14... Be6 $5 $14 {Kanstler,B})
15. O-O $14 (15. Bd3 $5 {not supposing reorganization of black's pieces(Be6
and Qd7).}) 15... Be6 16. Bd3 {On my sight,Andrey Shariyazdanov has not found
of the best continuation for white:} (16. e4 $1 dxe4 $140 17. Rd1 Qc7 (17...
Bd5 $2 18. Bg5 $1 exf3 19. Qxf5 fxe2 20. Bxe2 $18) (17... Nd4 18. Nxd4 exd4 19.
fxe4 {[%csl Rd4][%cal Gc1b2]}) 18. fxe4 Ne7 19. Bg5 {with big advantage of
white.}) 16... Qd7 17. Rd1 h4 18. e4 $5 {White correctly opens the centre, as
black's rook "h8" does not participate in game.} (18. Bxf5 $6 Bxf5 19. e4 Bg6 (
19... Be6 $143 20. Bg5 $16) 20. Bg5 d4 $14) 18... Ne7 $140 19. f4 $1 {[%csl
Rd5,Ge4,Re5,Gf4]} dxe4 20. Bxe4 Bd5 21. Bxd5 (21. fxe5 $6 Nxe4 22. Qxe4 Rd8 23.
Qd4 h3 $132) 21... Nfxd5 22. Nc3 $2 {[%mdl 16384] Now,as a consequence of this
mistake,black have time to receive counterplay.It was good enough:} (22. fxe5
Qg4 ({loses right away:} 22... h3 {in view of:} 23. Nf4 hxg2 24. Nxd5 Nxd5 25.
Qxg2 Rd8 26. Bg5 {[%csl Rd8]} f6 $8 27. exf6 gxf6 28. Bxf6 Rg8 29. Bg5 $18 {
[%csl Rf8][%cal Yh2h4,Yh4g5]}) 23. Rd4 Qh5 24. Qe4 {[%cal Ge2f4]} h3 25. g4 Qh4
26. Bd2 Kg8 27. Rf1 $16) 22... h3 $1 23. Nxd5 ({Probably,it was better:} 23.
fxe5 Qc6 {[%csl Rg1]} 24. Nxd5 Nxd5 25. b5 Qe6 $44) 23... Nxd5 24. g3 $6 ({
White get a material advantage,after:} 24. fxe5 Qe6 $44 (24... hxg2 $2 25. Qxg2
Rd8 26. Bg5 {[%csl Rd8] and so on.})) 24... exf4 25. Bxf4 Qe6 $5 ({Also
deserves attention:} 25... Kg8 $5 26. Qe4 Rh5 $13 {[%cal Ga8e8]}) (25... Qc6 $4
26. Bd6+ Kg8 27. b5 $18 {[%csl Yc6,Rd5][%cal Gb5c6]}) 26. Re1 Qc6 27. Bd6+ Kg8
28. Re5 $5 Nf6 {[%csl Rg1][%cal Gc6h1]} 29. Qe2 a6 $6 {[%csl Ya6][%cal Ya6b5]}
({Can be recommended:} 29... Re8 $5 30. Rxe8+ Nxe8 31. Bf4 $13) 30. a4 $2 {
Absolutely not clear and unnecessary move.} (30. Rf1 $5 {[%csl Rg8][%cal Gf1f6]
} Rh6 31. Qf3 $14) 30... Rh5 31. Re7 $6 ({Impossibly:} 31. b5 {in view of:}
axb5 {[%csl Ra1,Rg1]}) (31. Rxh5 $5 Nxh5 32. Re1 Nf6 33. b5 axb5 34. axb5 Qd5
35. Rd1 $11) 31... Rf5 $36 32. Ra3 ({Pretty dubiously:} 32. Rc7 {because of:}
Qd5 33. Rd1 $140 Qb3 $1 34. Rxb7 (34. Qd3 $143 Qxa4 {[%csl Rd1][%cal Gf5d5]})
34... Re8 35. Rb8 (35. Re7 $2 Rxe7 36. Bxe7 Re5 $1 {[%csl Re2,Re7]} 37. Rd8+
Kh7 38. Qd3+ (38. Qxe5 Qb1+ 39. Kf2 Ng4+ {[%csl Re5,Rf2]}) 38... Qxd3 39. Rxd3
Rxe7 $19) 35... Rxb8 36. Bxb8 Qxb4 37. Bd6 Qxa4 $17) 32... Ng4 $1 {[%csl Rg1]
[%cal Gf5f2]} 33. Bf4 $6 (33. Qxg4 $4 Qg2#) ({It was necessary:} 33. b5 $1 axb5
34. axb5 Rxa3 35. bxc6 Ra1+ 36. Qe1 Rxe1+ 37. Rxe1 bxc6 {[%cal Gf5f2]} (37...
Rf2 $2 38. Re8+ Kh7 39. c7 $8 (39. cxb7 $2 Rg2+ 40. Kf1 Nxh2+ 41. Ke1 Nf3+ 42.
Kd1 h2 $19) 39... Rg2+ 40. Kf1 Nxh2+ 41. Ke1 Nf3+ 42. Kd1 (42. Kf1 Nd2+ 43. Ke1
Nf3+ $11 (43... h2 $4 44. Rh8+ Kxh8 45. c8=Q+ Kh7 46. Qh3+ {[%csl Rg2,Rh7]}))
42... h2 43. Rh8+ Kxh8 44. c8=Q+ Kh7 45. Qh3+ Nh4 {[%csl Rd1,Gh2][%cal Gg2g1]}
46. Qxh4+ Kg8 47. Qd8+ Kh7 48. Qh4+ $11) 38. Re4 Nf6 39. Rh4 Rd5 40. Rxh3 Ne4 {
[%csl Rc5,Rd6] -/+/=/+}) 33... Rd8 $40 {[%csl Rg1][%cal Gd8d1]} 34. Ra2 Rfd5
35. Bd6 $2 {[%mdl 8192] Decisive mistake.} (35. Rd2 Qxa4 36. Rxd5 Qa1+ 37. Qe1
Qxe1+ 38. Rxe1 Rxd5 $17 {[%csl Rh2]}) (35. Qf1 Rxc5 $1 $17 {[%csl Re7,Rg1]})
35... R8xd6 $1 {After this move whitte resigns,because of next variants:} (
35... R8xd6 $1 36. cxd6 (36. Re8+ Kh7 37. Qc2+ f5 38. cxd6 Qxc2 39. Rxc2 Rd1+
40. Re1 Rxe1#) 36... Qc1+ 37. Qe1 Rd1 38. Rae2 Rxe1+ 39. Rxe1 Qc6 {[%csl Rd6,
Rg1]}) 0-1

[Event "Basel Hilton op 08th"]
[Site "Basel"]
[Date "2006.01.05"]
[Round "5"]
[White "Golod, Vitali"]
[Black "Izsak, Gyula"]
[Result "1/2-1/2"]
[WhiteElo "2577"]
[BlackElo "2431"]
[Annotator "Golod,V"]
[PlyCount "115"]
[EventDate "2006.01.01"]
[EventType "swiss"]
[EventRounds "7"]
[EventCountry "SUI"]
[SourceTitle "CBM 110 Extra"]
[Source "ChessBase"]
[SourceDate "2006.03.10"]
[SourceVersion "2"]
[SourceVersionDate "2006.03.10"]
[SourceQuality "1"]

1. c4 e6 2. d4 {This is how I avoid the Queens Gambit Accepted.} Nf6 3. Nc3 Bb4
4. Qc2 c5 5. dxc5 Bxc5 6. Nf3 Nc6 7. Bg5 h6 ({You can also find games in the
database commented by me, where I gave other main alternatives for this
variation:} 7... Nd4) ({and} 7... Be7) 8. Bh4 Be7 9. Rd1 ({The most common in
this position was:} 9. e3) 9... O-O 10. e3 ({This was a bit too early:} 10. e4
$6 Qa5 (10... Nh5 $5 11. Bxe7 Qxe7 12. Be2 (12. Qd2 $6 d5 {עe1}) 12... Nf4 13.
O-O $11) 11. Be2 d6 12. O-O $14 {Chibukhchian,A-Babujian,L/Yerevan,2005(0-1)
(65)}) 10... Nh5 $6 $146 {Seems like a bad novelty. After the exchange of the
dark squared-bishops , Black gets a weakness in his camp (the square "d6").
Before that, 10...b6!? was checked in a couple of positions and only once 10...
d5; 10...a6 and 10...Qa5.} 11. Bxe7 Qxe7 12. Be2 {[%cal Gg2g4] I thought for
long, and decided not to play in creative style:} (12. g4 $1 Nf6 $140 13. g5
hxg5 14. Nxg5 $14 {[%csl Rg8][%cal Gh1g1]}) 12... Nf6 13. O-O d5 {Black solves
his problem with the weak "d6" pawn, but in return, gets an isolated "d"-pawn.}
14. cxd5 exd5 {Black should refrain from exchanging knights for the moment:} (
14... Nxd5 $143 15. Nxd5 exd5 16. Nd4 $14 (16. Rxd5 $4 Nb4)) (14... Nb4 $2 15.
d6 $16 Qxd6 $140 (15... Nxc2 16. dxe7 Re8 17. Bb5 Rxe7 18. Rd8+ Kh7 19. Bd3+ {
[%csl Rc2,Rh7]}) 16. Rxd6 Nxc2 17. a3 {/\Rd2 פc2}) 15. Nd4 Be6 (15... Ne5 $5
16. Nf5 $140 Qc7 (16... Qe6 $2 17. Nxd5 Nxd5 18. Rxd5 Qxf5 $140 (18... Qxd5 $4
19. Ne7+) 19. Qxf5 Bxf5 20. Rxe5 $16) 17. Rc1 $14) 16. Nxc6 bxc6 {The pawn
structure changed again, but White keeps the typical positional advantage
which is characterized by these positions.} 17. Na4 Rac8 {Maybe my opponent
should have considered a retreat with the rook to "a8":} (17... Rfc8 $5) 18.
Nc5 Nd7 19. Rc1 ({Another change in the pawn structure:} 19. Nxe6 fxe6 {
+/=/= now it's unlikely to become a won game for me.}) 19... Nxc5 20. Qxc5 Qxc5
21. Rxc5 d4 $1 {[%csl Ra2] It is obvious that Black was counting on this
option, when he played his 18th move.} 22. a3 ({This lead to complete equality:
} 22. exd4 $6 Bxa2 23. Ra1 Bd5 24. Rxa7 Rb8 $11) 22... dxe3 23. fxe3 Rfd8 24.
Rd1 {I can't give the black rooks the file <-> "d".} Rxd1+ 25. Bxd1 {/\Bf3 קc6
} Bd5 26. b4 Kf8 27. Ba4 $6 {I was fascinated with the idea of grabbing the
pawn on "c6".} (27. Kf2 $142 Ke7 $140 28. e4 Be6 29. Bf3 $14) 27... f6 (27...
Ke7 $2 28. e4 Be6 (28... Bxe4 $4 29. Re5+) 29. Bxc6 Bd7 $140 30. Bd5 $16) 28.
Bc2 {After a lot of thought, I decided it was a bad idea to take the pawn:} (
28. b5 Ke7 29. bxc6 Kd6 30. Ra5 {In the rook ending, which arises after:} Bxc6
(30... Rc7 $143 31. Kf2 $14) 31. Bxc6 Rxc6 32. Rxa7 g5 {[%cal Yc6c2,Yc2a2]
Black has a good chance to draw, for his active rook.}) 28... Ke7 29. e4 Be6
30. Ra5 Rc7 31. Kf2 Kd6 32. Bd3 Bc8 33. Ke3 $14 {I optimized my piece position,
but what's next, how do I break down my opponent's defense? I decided to move
my kingside pawns a little, for now.} Re7 34. g3 Rc7 35. h4 Re7 (35... g5 $5)
36. h5 {In my opponent's camp there is a new weakness - the pawn "g7", but it
is very hard to reach it.} Rc7 37. Be2 Re7 38. Kf4 (38. g4 $5 {[%csl Ye2,Ye4,
Rf6,Yg4,Rg7,Yh5,Rh6]}) 38... Be6 39. Bd1 Bc8 40. Bb3 $6 $138 (40. g4 $144 a6
41. Be2 Re5 42. Ra4 Rg5 $11) ({I had to retreat:} 40. Be2 {(meaning, make the
last controlled move)} Be6 {and now simply think about my plan. Even though
the position is still drawish.}) 40... a6 $1 {[%csl Ra5,Rh5][%cal Ge7e5] I
completely forgot about this idea.} 41. Bc4 Re5 $132 42. Ra4 (42. Rxe5 $2 fxe5+
43. Kf3 c5 {Only Black can go for the win here :)}) 42... Rxh5 43. Bxa6 Bxa6 (
43... Be6 $5 44. Bd3 Rh2 $132) 44. Rxa6 Rb5 45. Ra7 g5+ 46. Kg4 {I continue
play to the win, even though after the knight exchange the draw is obvious.}
Re5 47. Kf3 (47. Rh7 $6 Rxe4+ 48. Kf5 Re3 49. Rxh6 Rxg3 50. Rxf6+ Kd5 $11)
47... h5 48. Rf7 Ke6 49. Rc7 Kd6 50. Rf7 Ke6 {This was a definite draw, but i
still went on.} 51. Rh7 Rb5 52. Rxh5 c5 $11 53. Rh2 $6 {One can't force the
position.} (53. Rh8 cxb4 54. axb4 Rxb4 55. Re8+ Kf7 56. Ra8 $11) 53... cxb4
$140 54. Rb2 b3 55. Ke3 ({This lead to a sad result:} 55. a4 $2 Rb4 56. a5 Kd6
$17 {[%csl Ra5,Yd6][%cal Yd6c6,Yc6b5]}) 55... Ke5 56. Kd3 Rb8 57. Ke3 ({
Unexpectedly at once loses:} 57. Kc4 $4 Kxe4 58. Rxb3 Rxb3 59. Kxb3 f5 60. Kc3
Kf3 61. a4 Kxg3 62. a5 f4 63. a6 f3 64. a7 f2 65. a8=Q f1=Q $19) 57... Rb7 (
57... f5 $5 58. exf5 Kxf5 59. Kf3 $11) 58. Kd3 1/2-1/2

[Event "EU-ch 3rd"]
[Site "Batumi"]
[Date "2002.06.20"]
[Round "8"]
[White "Sargissian, Gabriel"]
[Black "Anastasian, Ashot"]
[Result "1-0"]
[WhiteElo "2538"]
[BlackElo "2591"]
[Annotator "Golod,V"]
[PlyCount "83"]
[EventDate "2002.06.12"]
[EventType "swiss"]
[EventRounds "13"]
[EventCountry "GEO"]
[SourceTitle "CBM 090"]
[Source "ChessBase"]
[SourceDate "2002.09.20"]
[SourceVersion "1"]
[SourceVersionDate "2002.09.20"]
[SourceQuality "1"]

1. d4 Nf6 2. c4 e6 3. Nc3 Bb4 4. Qc2 c5 5. dxc5 Qc7 6. Nf3 a6 $5 (6... Bxc5 $5
{You can see comments to Alterman,B-Yudasin,L/ISR,2000/CBM 71(0-1)(Golod,V)(40)
}) 7. g3 $5 {[%csl Rc7][%cal Gc1f4][%mdl 4] Besides,white has four options:} (
7. e3 {See comments to Atalik,S-Cigan,S/Bled,2001/EXT 2002(1-0)(Atalik,S)(44);
7.Bg5; 7.e4}) ({and} 7. a3) 7... Bxc5 8. Bf4 d6 (8... Qb6 $5 {[%csl Rf2]} 9. e3
$140 Be7 (9... d5 $2 {Chuchelov,V} 10. O-O-O $16) 10. e4 d6 11. Bg2 Nbd7 12.
O-O Qc7 13. Qe2 {+/=/= See comments to Chernin,A-Chuchelov,V/Cappelle la
Grande,1994/Inf 60/509 (0-1)(Chuchelov,V)(55)}) 9. Bg2 h6 {[%csl Yh6][%cal
Yh6g5,Ge6e5]} (9... Nbd7 $143 10. O-O O-O 11. Rad1 $14 {You can see comments
to Bareev,E-Razuvaev,Y/Tilburg,1993/Inf 59/596(1-0)(Bareev,E)(52)}) 10. O-O e5
11. Bd2 Be6 $5 $146 ({Were checked in the preceding game:} 11... Nc6 12. a3 $6
(12. Nd5 $5) 12... Ne7 13. Rfd1 Be6 14. b3 O-O 15. e3 Rfd8 $11 {Hoang Thanh
Trang-Berkes,F/Budapest,2001(0-1)(30)}) 12. Nh4 {The adventurous decision,
though after solid:} (12. b3 $5 {Black,without problems,equalizes a position.})
12... O-O $6 {Ashot Anastasian is not consecutive.The capture of pawn was more
essentially:} (12... Bxc4 13. Nf5 O-O (13... g6 $5 14. Bxh6 gxf5 15. Bg7 Rh5 {
[%csl Yh5][%cal Yh5f5]} 16. Bxf6 Nd7 17. Bh4 $13) 14. Ne4 Nxe4 15. Qxe4 Be6 16.
Qg4 Bxf5 17. Qxf5 Nc6 (17... Qd7 $6 18. Qxd7 Nxd7 19. b4 Bd4 20. Rac1 $14 {
[%csl Rb7][%cal Gc1c7]}) 18. Be4 g6 19. Qh3 h5 20. Rad1 $44) 13. Rac1 $1 {
Now,already it is not necessary to protect a pawn "c4".} Nc6 ({A little worse
is:} 13... Bxc4 14. b3 Be6 15. Na4 {[%csl Rc7][%cal Gb3b4]} Rc8 {[%csl Rc2]
[%cal Gc5f2]} 16. Be3 Nc6 (16... Nbd7 $2 17. b4 {[%csl Rc7,Gg2]}) 17. Nxc5 dxc5
18. Bxc5 $14) 14. Nd5 {The concrete game begins!} Qd8 ({Pretty dubiously:} 
14... Nxd5 {because of:} 15. cxd5 Nd4 $140 16. Qd3 $1 (16. Qe4 $143 {[%cal
Ge2e3,Gb2b4]} f5 17. Qe3 {[%cal Gb2b4]} f4 18. gxf4 Bg4 $13) 16... Bd7 17. b4
Bb5 18. Qb1 Nxe2+ 19. Kh1 Nxc1 20. Rxc1 {[%csl Rc5]} b6 21. Nf5 Bd7 22. Qe4 {
with obvious advantage of white.}) 15. Nf5 Rc8 {There is no sense to force
exchanges:} (15... Nxd5 16. cxd5 Bxf5 17. Qxf5 Nd4 18. Qh5 $14 (18. Qd3 $143 {
[%cal Ge2e3]} f5 $132)) 16. Qb1 {[%csl Rd6][%cal Gb2b4]} Nxd5 $6 ({Is a
possible continuation of the play:} 16... b5 $5) 17. cxd5 Bxf5 18. Qxf5 Nd4 19.
Qd3 $14 {White has a clear positional advantage : two bishops and also best
pawns structure at the centre.} f5 {[%cal Ge5e4] On the one hand-active move,
with another- the next easing of position.} 20. e4 Qe8 ({It deserves attention:
} 20... f4 21. gxf4 exf4 22. Bh3 Rc7 23. b4 Bb6 24. Rxc7 Qxc7 25. Kh1 $14) 21.
exf5 Qh5 {[%csl Rc1,Rg1][%cal Gd4e2]} 22. Kh1 Rce8 (22... Qxf5 $5) 23. Be4 Nxf5
24. Kg2 Qg4 $2 {Inaccurate move.It's not best place for queen.} (24... Rf6 $142
{[%cal Yh5f7]}) 25. f3 Qg6 $8 (25... Nh4+ $4 26. Kh1) (25... Qh5 $4 26. g4 Nh4+
27. Kh3 $1 {[%csl Rh4]}) 26. Rce1 $16 Qf6 27. b4 Bb6 {[%csl Rd6]} 28. Kh1 ({
After:} 28. f4 $1 {[%csl Ge4,Gf1,Rf5,Rf6][%cal Gd2c3] it's difficult to give a
good advise for black.}) 28... Qf7 29. f4 Qh5 30. Kg2 $2 {[%mdl 8192] White
have missed an easy win:} (30. fxe5 {[%csl Rf5]} Rxe5 $8 31. Bf4 Rxe4 (31...
Re7 $143 32. Bxf5 {[%csl Re7]} Rxe1 33. Bh7+ Kh8 34. Rxe1) (31... Ree8 $143 32.
Bxf5 {[%csl Re8]} Rxe1 (32... Qxf5 33. Qxf5 Rxf5 34. Rxe8+) (32... Rxf5 33.
Rxe8+ Qxe8 34. Qxf5) 33. Bh7+) 32. Qxe4 $18) 30... Rf6 $2 {[%mdl 8192]} (30...
exf4 $142 31. Rxf4 $16) 31. fxe5 Rxe5 32. Bf4 $2 {[%mdl 8192]} ({Again white
have missed a win:} 32. Bc3 $1 Ne3+ (32... Rxe4 $143 33. Qxe4 Ne3+ 34. Rxe3)
33. Rxe3 Bxe3 (33... Rxf1 34. Bxe5 {-see 33...Bxe3}) 34. Bxe5 Rxf1 35. Qxe3 $18
{[%csl Ge4,Ge5,Rf1]}) 32... Re8 33. Bf3 $6 (33. Bxf5 Rxf5 34. Rxe8+ Qxe8 35.
Bxd6 (35. Qxf5 $2 Qe2+ {[%csl Rf1]}) 35... Rxf1 36. Qxf1 Qe4+ 37. Qf3 $16)
33... Qg6 34. Rxe8+ Qxe8 35. Be4 Qf7 (35... Nd4 $142 {+/=/+/-}) 36. Bd2 (36.
Bg5 $5) 36... Ne7 (36... Nd4 $142) 37. Rxf6 Qxf6 $14 38. Bf3 Ng6 (38... Qb2 $5)
39. Qc2 Qd4 $2 {Probably because of the zeitnot black makes this mistake.} (
39... Nf8 $14) 40. Qxg6 $1 Qxd2+ 41. Kh3 Qe3 $2 {Last mistake in this cheerful
game!} (41... Qe1 $142 42. Qxd6 Qf1+ 43. Kg4 Qc4+ (43... h5+ $143 44. Kf4 g5+
45. Ke4 Qc4+ 46. Kf5 $18) 44. Kf5 Qc2+ 45. Be4 Qf2+ 46. Qf4 $18) 42. Be4 $18 {
[%csl Rg8] Further resistance is impossible:} (42. Be4 {[%csl Rg8][%cal Gg6e8]}
Kf8 (42... Qf2 43. Qe8+ Qf8 44. Bh7+ {[%csl Rf8]}) 43. Qxd6+ Kg8 $8 44. Bg6 $1
{[%csl Rg8][%cal Gd6b8]}) 1-0

[Event "FIDE-Wch k.o."]
[Site "Moscow"]
[Date "2001.12.02"]
[Round "3.3"]
[White "Bareev, Evgeny"]
[Black "Sakaev, Konstantin"]
[Result "1-0"]
[WhiteElo "2719"]
[BlackElo "2639"]
[Annotator "Golod,V"]
[PlyCount "51"]
[EventDate "2001.11.27"]
[EventType "k.o."]
[EventRounds "7"]
[EventCountry "RUS"]
[SourceTitle "CBM 086"]
[Source "ChessBase"]
[SourceDate "2002.02.05"]
[SourceVersion "1"]
[SourceVersionDate "2002.02.05"]
[SourceQuality "1"]

1. d4 Nf6 2. c4 e6 3. Nc3 Bb4 4. Qc2 c5 5. dxc5 Bxc5 6. Nf3 Qb6 $5 {After this
move,impossible: 7.Bg5 or 7.Bf4. Other possibilities are: 6...0-0!?; 6...b6; 6.
..d5!?; 6...a6!?} ({and} 6... Nc6 $5 {It's main line.See comments to Dao Thien
Hai-Liang Shuai/Qingdao,1999/CBM 74 (1-0)(Golod,V)(32)}) 7. e3 Qc7 8. b3 $5 {
Besides,white has several options:} (8. Bd3 {See comments to Miranda,
M-Tiviakov,S/ New York,1998/CBM 64(0-1)(Gershon) (27)}) (8. Bd2 $5 {See
comments to Stohl,I-Berzinsh,R/ Olomouc,1997/CBM 61(1-0)(Finkel,A)(28)}) (8. a3
$5 {See comments to Arlandi,E-Gurevich,M/ Linares,1995/CBM 51(1/2-1/2)
(Gurevich,M) (41)}) (8. Be2 $5) ({and} 8. g4 $5 Nxg4 (8... h6 $6 9. Rg1 b6 10.
Bd2 a6 11. h4 Bb7 12. Be2 g6 13. g5 hxg5 14. hxg5 Nh5 15. Ne4 $14 {Savchenko,
S-Guedon,S/Metz,1999(1-0) (38)}) 9. Rg1 f5 10. h3 Ne5 11. Nxe5 Qxe5 12. Bd2 $44
{Savchenko,S-Grooten,H/Gelsenkirchen, 1999(1-0)(40)}) 8... a6 {It's main move
in this position.} (8... b6 $5 {You can see comments to Kiriakov,P-Tiviakov,S/
Port Erin,1999/CBM 74(1-0)   (Golod,V)(34)}) 9. g4 $5 $146 {[%mdl 8]
Interestingly,that in this position,this move is applied for the first time.} (
{Was checked repeatedly in the previous games:} 9. Bb2 {See comments to Ruzele,
D-Gurevich,M/Bonn,1996/CBM 56(1/2-1/2) (Gurevich,M)(56)}) 9... h6 $6 {In my
opinion,it was necessary to react essentially:} (9... Nxg4 $5 10. Rg1 Nxh2 11.
Nxh2 Qxh2 12. Rxg7 Qe5 13. Rg3 $44 {[%csl Re5,Rh8][%cal Gc1b2]}) 10. Bb2 b6 ({
Already absolutely illogically:} 10... Nxg4 11. Rg1 Nxh2 12. Nxh2 Qxh2 13. Rxg7
$36 {׻; /^a1-h8}) 11. Rg1 $14 {[%csl Gb2,Yg1,Gg4] White's plan is: h4,g5(פf6)
;/^a1-h8 with idea to grasp more spaces.} Bb7 12. Be2 d5 $6 ({Impossibly:} 
12... Bxf3 $2 13. Bxf3 $140 Qxh2 $4 {because of:} 14. Rh1 $18 {[%csl Ra8,Rh2]})
({Can be recommended:} 12... e5 $5 13. Nd2 $14 {[%csl Re4][%cal Gd2e4,Gh2h4,
Gg4g5]} (13. g5 $6 hxg5 14. Rxg5 {[%csl Re5,Rg7]} e4 $13 {[%csl Rh2]})) 13.
cxd5 Nxd5 $2 {Now Konstantin Sakaev carry material losses.} (13... exd5 $5) 14.
Nxd5 Bxd5 15. Rc1 $6 ({Leads to big material advantage:} 15. Bxg7 Bb4+ $8 (
15... Rg8 $2 16. Qh7 {[%csl Rg8]}) 16. Kd1 Qxc2+ 17. Kxc2 Rh7 18. Bc3 $16 (18.
Bd4 $6 Nc6 $1 (18... Nd7 $2 19. Bd3 {[%csl Rh7]}) 19. Bxb6 $140 Ba3 {[%csl Rc2]
[%cal Ga8c8]} 20. Nd2 Rb8 {+/-/+/=})) 15... Bb4+ ({After:} 15... O-O 16. g5
Bb4+ 17. Kf1 Qxc2 18. Rxc2 {black get under very strong attack.}) 16. Kf1 $1 {
Here white's king is in a perfect place!} Qxc2 17. Rxc2 {[%csl Re8,Rg7][%cal
Gc2c8]} O-O 18. g5 h5 $2 ({More obstinate resistance can be rendered,after:} 
18... hxg5 19. Nxg5 {[%csl Gb2,Gg1,Rg7][%cal Gg5e6]} f6 (19... g6 20. h4 $18 {
[%csl Rg8][%cal Gh4h5]} (20. Rg4 $5 {[%cal Gg4h4]} Be7 21. e4 {[%csl Rg8][%cal
Gg4h4]})) 20. e4 fxg5 21. exd5 exd5 22. Rxg5 Ra7 23. Rxd5 $16) 19. Ne5 {
[%csl Rh5]} g6 $2 {Decisive mistake.Now white has a forced way to win.} ({
It was necessary:} 19... Ra7 $16) ({or} 19... Bd6 $16) 20. e4 $1 Bb7 (20...
Bxe4 $2 21. Rc4 {[%csl Rb4,Re4]}) 21. Rc7 $1 Ra7 $140 ({Again impossibly:} 
21... Bxe4 {in view of:} 22. Rc4 {[%csl Rb4,Re4]}) 22. Nxg6 $18 Re8 (22... fxg6
$2 23. Rg7+ Kh8 24. Rxg6+ Kh7 25. Rg7+ Kh8 26. Rxb7+ Kg8 27. Rxa7) 23. Nf4 {
[%csl Rg8][%cal Gg5g6]} Re7 24. Rxe7 Bxe7 25. g6 {[%csl Re6,Rf7,Rg8]} f6 26.
Bc4 {[%csl Re6]} (26. Bc4 Bxe4 27. Bxe6+ Kg7 $8 28. Nxh5+ Kh6 29. g7 {[%cal
Gg7g8]}) 1-0